Phương pháp nghiên cứu kinh doanh
Wedi'i Gadw mewn:
| Prif Awdur: | |
|---|---|
| Fformat: | Llyfr |
| Cyhoeddwyd: |
Đồng Tháp
Đại học Đồng Tháp
2009
|
| Pynciau: | |
| Tagiau: |
Ychwanegu Tag
Dim Tagiau, Byddwch y cyntaf i dagio'r cofnod hwn!
|
| Thư viện lưu trữ: | Trung tâm Học liệu Lê Vũ Hùng, Trường Đại học Đồng Tháp |
|---|
| LEADER | 00797pam a22002298a 4500 | ||
|---|---|---|---|
| 001 | 00042436 | ||
| 005 | 20180927140922.0 | ||
| 008 | 120515s2007 ||||||Viesd | ||
| 041 | 0 | # | |a Vie |
| 082 | 1 | 4 | |a 658.007 1 |b PH561PH |
| 100 | 1 | # | |a Lê, Thái Cường |
| 245 | 1 | 0 | |c Lê Thái Cường |a Phương pháp nghiên cứu kinh doanh |
| 260 | # | # | |c 2009 |b Đại học Đồng Tháp |a Đồng Tháp |
| 300 | # | # | |a 50 tr. |c 27 cm. |
| 500 | # | # | |a ĐTTS ghi: trường Đại học Đồng Tháp. Khoa Công nghệ thông tin |
| 653 | # | # | |a Kinh doanh |
| 653 | # | # | |a Nghiên cứu |
| 653 | # | # | |a Phương pháp |
| 653 | # | # | |a kỹ năng |
| 852 | # | # | |j KD.0024220 |
| 910 | |d 27/09/2018 | ||
| 980 | # | # | |a Trung tâm Học liệu Lê Vũ Hùng, Trường Đại học Đồng Tháp |